Score 0/157 Timer 10:00
0 Plays Today
Category Answer % Correct
The 'Fast' SagaThe Fast and the Furious
91.7%
The 'Fast' SagaFast & Furious
91.7%
Freddy KruegerA Nightmare on Elm Street
75%
Freddy KruegerA Nightmare on Elm Street
75%
Harry PotterHarry Potter and the Philosopher's Stone
75%
John Rambo.Rambo
75%
James BondCasino Royale
75%
BatmanBatman: The Movie
75%
Jason VoorheesFriday the 13th
66.7%
Jason VoorheesFriday the 13th
66.7%
The 'Fast' Saga2 Fast 2 Furious
66.7%
The 'Fast' SagaThe Fast and the Furious: Tokyo Drift
66.7%
The 'Fast' SagaFast Five
66.7%
TMNTTeenage Mutant Ninja Turtles
66.7%
TMNTTeenage Mutant Ninja Turtles
66.7%
Harry PotterHarry Potter and the Chamber of Secrets
66.7%
Harry PotterHarry Potter and the Prisoner of Azkaban
66.7%
John Rambo.First Blood
66.7%
James BondDr. No
66.7%
James BondSkyfall
66.7%
X-MenX-Men
66.7%
X-MenLogan
66.7%
The Infinity SagaIron Man
66.7%
The Infinity SagaIron Man 2
66.7%
The Infinity SagaThor
66.7%
The Infinity SagaMarvel's The Avengers
66.7%
The Infinity SagaIron Man 3
66.7%
The Infinity SagaCaptain America: Civil War
66.7%
The Infinity SagaAvengers: Infinity War
66.7%
Harry PotterHarry Potter and the Deathly Hallows – Part 1
58.3%
Harry PotterHarry Potter and the Deathly Hallows – Part 2
58.3%
James BondGoldfinger
58.3%
James BondOctopussy
58.3%
James BondQuantum of Solace
58.3%
James BondSpectre
58.3%
TransformersTransformers
58.3%
X-MenX-Men Origins: Wolverine
58.3%
X-MenX-Men: First Class
58.3%
X-MenThe Wolverine
58.3%
X-MenX-Men: Days of Future Past
58.3%
X-MenDark Phoenix
58.3%
The Infinity SagaCaptain America: The First Avenger
58.3%
The Infinity SagaCaptain America: The Winter Soldier
58.3%
The Infinity SagaGuardians of the Galaxy
58.3%
The Infinity SagaAvengers: Age of Ultron
58.3%
The Infinity SagaAnt-Man
58.3%
The Infinity SagaDoctor Strange
58.3%
The Infinity SagaGuardians of the Galaxy Vol. 2
58.3%
The Infinity SagaThor: Ragnarok
58.3%
The Infinity SagaBlack Panther
58.3%
The Infinity SagaAnt-Man and the Wasp
58.3%
The Infinity SagaAvengers: Endgame
58.3%
BatmanBatman
58.3%
Category Answer % Correct
BatmanBatman
58.3%
BatmanBatman Begins
58.3%
BatmanThe Dark Knight
58.3%
BatmanThe Dark Knight Rises
58.3%
BatmanSuicide Squad
58.3%
BatmanThe Batman
58.3%
Jason VoorheesFriday the 13th Part 2
50%
Jason VoorheesFreddy vs. Jason
50%
The 'Fast' SagaThe Fate of the Furious
50%
The 'Fast' SagaFast & Furious Presents: Hobbs & Shaw
50%
Freddy KruegerFreddy vs. Jason
50%
TMNTTMNT
50%
Harry PotterHarry Potter and the Goblet of Fire
50%
Harry PotterHarry Potter and the Order of the Phoenix
50%
Harry PotterHarry Potter and the Half-Blood Prince
50%
James BondFrom Russia with Love
50%
James BondGoldenEye
50%
James BondNo Time to Die
50%
Bad NewsThe Bad News Bears
50%
Bad NewsBad News Bears
50%
X-MenX2
50%
X-MenX-Men: Apocalypse
50%
The Infinity SagaThe Incredible Hulk
50%
The Infinity SagaThor: The Dark World
50%
The Infinity SagaSpider-Man: Homecoming
50%
The Infinity SagaCaptain Marvel
50%
The Infinity SagaBlack Widow
50%
BatmanBatman Returns
50%
BatmanBatman Forever
50%
Jason VoorheesFriday the 13th Part III
41.7%
The 'Fast' SagaFast & Furious 6
41.7%
The 'Fast' SagaFurious 7
41.7%
Freddy KruegerA Nightmare on Elm Street 3: Dream Warriors
41.7%
John Rambo.Rambo: Last Blood
41.7%
James BondLive and Let Die
41.7%
James BondThe Man with the Golden Gun
41.7%
James BondMoonraker
41.7%
James BondTomorrow Never Dies
41.7%
James BondThe World Is Not Enough
41.7%
James BondDie Another Day
41.7%
TransformersTransformers: Revenge of the Fallen
41.7%
TransformersTransformers: Dark of the Moon
41.7%
X-MenX-Men: The Last Stand
41.7%
The Infinity SagaSpider-Man: Far From Home
41.7%
BatmanBatman and Robin
41.7%
BatmanBatman & Robin
41.7%
BatmanJustice League
41.7%
Jason VoorheesJason X
33.3%
John Rambo.Rambo III
33.3%
James BondThunderball
33.3%
James BondYou Only Live Twice
33.3%
James BondOn Her Majesty's Secret Service
33.3%
James BondDiamonds Are Forever
33.3%
Category Answer % Correct
James BondFor Your Eyes Only
33.3%
James BondA View to a Kill
33.3%
James BondThe Living Daylights
33.3%
James BondLicence to Kill
33.3%
TransformersTransformers: The Last Knight
33.3%
X-MenThe New Mutants
33.3%
The Infinity SagaBlack Panther II
33.3%
BatmanJoker
33.3%
The 'Fast' SagaF9
25%
Freddy KruegerA Nightmare on Elm Street 2: Freddy's Revenge
25%
John Rambo.Rambo: First Blood Part II
25%
MadeaMadea Goes to Jail
25%
TransformersTransformers: Age of Extinction
25%
TransformersBumblebee
25%
X-MenDeadpool
25%
X-MenDeadpool 2
25%
BatmanBatman v Superman: Dawn of Justice
25%
Jason VoorheesFriday the 13th Part VI: Jason Lives
16.7%
Freddy KruegerWes Craven's New Nightmare
16.7%
TMNTTeenage Mutant Ninja Turtles: Out of the Shadows
16.7%
MadeaA Madea Christmas
16.7%
MadeaBoo! A Madea Halloween
16.7%
The Infinity SagaThe Eternals
16.7%
The Infinity SagaSpider-Man: Far From Home sequel
16.7%
BatmanThe Lego Batman Movie
16.7%
Jason VoorheesFriday the 13th: The Final Chapter
8.3%
Jason VoorheesFriday the 13th: A New Beginning
8.3%
Jason VoorheesFriday the 13th Part VII: The New Blood
8.3%
Jason VoorheesFriday the 13th Part VIII: Jason Takes Manhattan
8.3%
Jason VoorheesJason Goes to Hell: The Final Friday
8.3%
Freddy KruegerA Nightmare on Elm Street 5: The Dream Child
8.3%
MadeaDiary of a Mad Black Woman
8.3%
MadeaBoo 2! A Madea Halloween
8.3%
James BondThe Spy Who Loved Me
8.3%
James BondNever Say Never Again
8.3%
The Infinity SagaDoctor Strange in the Multiverse of Madness
8.3%
The Infinity SagaThor: Love and Thunder
8.3%
BatmanBatman: Mask of the Phantasm
8.3%
Freddy KruegerA Nightmare on Elm Street 4: The Dream Master
0%
Freddy KruegerFreddy's Dead: The Final Nightmare
0%
TMNTTeenage Mutant Ninja Turtles III
0%
TMNTTeenage Mutant Ninja Turtles II: The Secret of the Ooze
0%
MadeaMadea's Family Reunion
0%
MadeaMeet the Browns
0%
MadeaI Can Do Bad All by Myself
0%
MadeaMadea's Big Happy Family
0%
MadeaMadea's Witness Protection
0%
MadeaA Madea Family Funeral
0%
Bad NewsThe Bad News Bears in Breaking Training
0%
Bad NewsThe Bad News Bears Go to Japan
0%
The Infinity SagaShang-Chi and the Legend of the Ten Rings
0%
Come Together.
Have Fun.
All Virtual.
We all need to come together. Play Sporcle's virtual live trivia to have fun, connect with people, and get your trivia on. Join a live hosted trivia game for your favorite pub trivia experience done virtually. If a virtual private party is more your thing, go here for details.

You're not logged in!

Compare scores with friends on all Sporcle quizzes.
OR
Log In

Sporcle TV

Today on Sporcle TV


Watch our educational content, quiz creation guides, and fun videos on Sporcle TV.

Show Comments

Extras

Created Feb 10, 2020ReportNominate
Tags:Movie Titles Quiz

Top Quizzes Today


Score Distribution

Paid Content

Your Account Isn't Verified!

In order to create a playlist on Sporcle, you need to verify the email address you used during registration. Go to your Sporcle Settings to finish the process.

Report this User

Report this user for behavior that violates our Community Guidelines.

Details: